000 00816nam a2200217Ia 4500
003 GCL
008 140319s9999 xx 000 0 ara d
040 _aGCL /
_cGCL
082 0 4 _a347.07
_bك هـ
100 1 _aكمال خالد
245 1 0 _aهؤلاء قتلوا السادات :
_bاسرار المرافعات فى قضية تنظيم الجهاد /
_cكمال خالد
260 _aالقاهرة :
_bدار الاعتصام
300 _a366 ص:
_bايض ؛
_c24 سم
490 _a
650 0 4 _aالقانون الجنائى
650 0 4 _aالاغتيال
650 0 4 _aالجرائم السياسية
650 0 4 _aمصر - تاريخ - العصر الحديث (1805 - 1956 )
650 0 4 _aمصر - تاريخ - العصر الحديث - انور السادات (1971 - 1981)
942 _2ddc
_cBK
999 _c55182
_d55182